Logo BPK

Biblioteka

Politechniki Koszalińskiej

Metody kvantovoj teorii magnetizma / (Rekord nr 470)

Szczegóły MARC
000 -ETYKIETA REKORDU
podpole kontrolne o stałej długości 00335nam a2200145 i 4500
001 - NUMER KONTROLNY REKORDU
pole kontrolne bg
040 ## - ŹRÓDŁO KATALOGOWANIA
Instytucja, która utworzyła rekord BPK
041 ## - KOD JĘZYKA
Kod języka tekstu pol
008 - POLE O STAŁEJ DŁUGOŚCI - DANE KONTROLNE
podpole kontrolne o stałej długości s pl f |000 0 pol
100 1# - NAZWA OSOBOWA
Nazwa osobowa TJABLIKOV, S. V.
245 #0 - TYTUŁ/ODPOWIEDZIALNOŚĆ
Tytuł Metody kvantovoj teorii magnetizma /
Pozostałe elementy strefy tytułu i oznaczenia odpowiedzialności S.V. Tjablikov.
250 ## - STREFA WYDANIA
Oznaczenie wydania Wyd.2.
260 ## - STREFA ADRESU WYDAWNICZEGO
Miejsce wydania Moskwa,
Data publikacji, dystrybucji/powstania dokumentu 1975.
856 ## - LOKALIZACJA I DOSTĘP DO ELEKTRONICZNYCH DOKUMENTÓW ZDALNYCH
Link (URL) http://koha.tu.koszalin.pl/cgi-bin/koha/opac-detail.pl?biblionumber=470
Tekst linku Katalog online BPK
942 ## - DODATKOWE ELEMENTY (KOHA)
Typ dokumentu Książka
Egzemplarze
Wycofany Status egzemplarza Uszkodzony Dostępność Lokalizacja stała Lokalizacja bieżąca Numer ubytku Sygnatura Kod kreskowy Typ dokumentu Miejsce przechowywania
  Egz. niedostępny   Niedostępny Biblioteka Politechniki Koszalińskiej Biblioteka Politechniki Koszalińskiej p24645 P 13320 01853377 Książka  
      Dostępny Biblioteka Politechniki Koszalińskiej Biblioteka Politechniki Koszalińskiej   P 13321 01853360 Książka Wypożyczalnia BG
  Egz. niedostępny   Niedostępny Biblioteka Politechniki Koszalińskiej Biblioteka Politechniki Koszalińskiej p24646 P 13322 01853353 Książka  
  Egz. niedostępny   Niedostępny Biblioteka Politechniki Koszalińskiej Biblioteka Politechniki Koszalińskiej p24647 P 13323 01853346 Książka  
  Egz. niedostępny   Niedostępny Biblioteka Politechniki Koszalińskiej Biblioteka Politechniki Koszalińskiej p24648 P 13324 01853339 Książka  
  Egz. niedostępny   Niedostępny Biblioteka Politechniki Koszalińskiej Biblioteka Politechniki Koszalińskiej p24649 P 13325 01853322 Książka  
  Egz. niedostępny   Niedostępny Biblioteka Politechniki Koszalińskiej Biblioteka Politechniki Koszalińskiej p24650 P 13326 01853315 Książka  
© 2023 Biblioteka Politechniki Koszalińskiej :: KOHA